00606nam a22001817a 450000500170000000800410001701000140005802000260007203500130009803700130011104000080012408200080013210000180014024500770015826000890023527000660032430000340039020230831145137.0100407t xxu||||| |||| 00| 0 eng d aENG-95979 a9788131713594c525.00 aEN-79512 bDBAD/PUB aDPL a540 aSinghal, Atul aThe Pearson guide to objective chemistry for the AIEEE/cby Atul Singhal aNew DelhibDorling Kindersley (India) Pvt. Ltd. Licensees of Pearson Educationc2010 a14, Local Shopping Centre, Panchsheel ParkbNew Delhie110017 aVarious pagingsc28 cm. (Pbk)